Stati per Produttività del lavoro - Statistics

Statistiche generali
  • Questo quiz è stato fatto 20 volte
  • Il punteggio medio è 8 su 10
Statistiche sulle risposte
PIL per ora di lavoro ($) Continente Nazione % Corretto
68,63 Europa Francia
94%
68,85 Europa Germania
94%
82,91 Europa Svizzera
94%
100,33 Europa Norvegia
88%
73,70 America del Nord Stati Uniti
88%
66,27 Europa Belgio
81%
125,09 Europa Irlanda
81%
69,78 Europa Paesi Bassi
81%
76,00 Europa Danimarca
75%
80,33 Europa Lussemburgo
69%
Nessun quiz corrispondente trovato
Distribuzione punteggi
Percentuale di utenti per punteggio
Percentile per numero di risposta
I tuoi punteggi nel tempo
Non hai fatto questo quiz